BIBLIOTECA

SENCICO

Manual básico de albañilería y autoconstrucción 3 : (Registro nro. 3638)

Detalles MARC
000 -LEADER
fixed length control field 00886nam a22002657a 4500
003 - CONTROL NUMBER IDENTIFIER
control field PE SENCICO BE
005 - DATE AND TIME OF LATEST TRANSACTION
control field 20251020182620.0
008 - FIXED-LENGTH DATA ELEMENTS--GENERAL INFORMATION
fixed length control field 221124b |||||||| |||| 00| 0 eng d
020 ## - INTERNATIONAL STANDARD BOOK NUMBER
International Standard Book Number 978-607-17-1976-8
040 ## - CATALOGING SOURCE
Original cataloging agency PE SENCICO BE
Transcribing agency PE SENCICO BE
041 ## - LANGUAGE CODE
Language code of text/sound track or separate title spa
082 ## - DEWEY DECIMAL CLASSIFICATION NUMBER
Classification number 693.177
Item number L51
100 1# - MAIN ENTRY--PERSONAL NAME
9 (RLIN) 68
Personal name Lesur, Shanti
245 1# - TITLE STATEMENT
Title Manual básico de albañilería y autoconstrucción 3 :
Remainder of title un guía paso a paso /
Statement of responsibility, etc. coordinación: Lesur Shanti
250 ## - EDITION STATEMENT
Edition statement 1a ed.
260 ## - PUBLICATION, DISTRIBUTION, ETC.
Place of publication, distribution, etc. México, D.F.:
Name of publisher, distributor, etc. Trillas,
Date of publication, distribution, etc. 2014
300 ## - PHYSICAL DESCRIPTION
Extent 88 p.:
Other physical details diagrs., fotog.;
Dimensions 27 cm.
490 ## - SERIES STATEMENT
Materials specified Como hacer bien y fácilmente
650 10 - SUBJECT ADDED ENTRY--TOPICAL TERM
Topical term or geographic name entry element Albañilería
9 (RLIN) 61
650 20 - SUBJECT ADDED ENTRY--TOPICAL TERM
Topical term or geographic name entry element Construcción de viviendas
9 (RLIN) 59
650 24 - SUBJECT ADDED ENTRY--TOPICAL TERM
9 (RLIN) 70
Topical term or geographic name entry element TECHOS
650 20 - SUBJECT ADDED ENTRY--TOPICAL TERM
Topical term or geographic name entry element Materiales de construcción
9 (RLIN) 71
650 24 - SUBJECT ADDED ENTRY--TOPICAL TERM
9 (RLIN) 72
Topical term or geographic name entry element ARCOS Y COMPONENTES DE ARCO
942 ## - ADDED ENTRY ELEMENTS (KOHA)
Source of classification or shelving scheme Dewey Decimal Classification
Koha item type Libros
Classification part 693.177
Item part L51
Suppress in OPAC No
Existencias
Fecha de la última vez que lo usaron Pago total Signatura topográfica completa Precio efectivo desde Tipo de documento Estado perdido Sistema de clasificación Estado dañado No es para préstamo Retirado Ubicación permanente Ubicación actual Fecha de adquisición
24/11/2022   693.177/L51 24/11/2022 Libros   Dewey Decimal Classification       Biblioteca Central Lima Biblioteca Central Lima 24/11/2022